| 000 | 00948nam a22002175i 4500 | ||
|---|---|---|---|
| 001 | 163921 | ||
| 003 | ES-MaACL | ||
| 005 | 20231229063048.0 | ||
| 008 | 050722s1898 sp | |||||||| ||spa d | ||
| 040 |
_aCAM _bspa _cCAM |
||
| 100 | 1 |
_aRomea, Julián, _d1813-1868 _999280 |
|
| 245 | 1 | 3 |
_aEl Señor Joaquín _b: comedia lírica en un acto y tres cuadros, en prosa / _coriginal de Julián Romea ; música del maestro Manuel Fernández Caballero. |
| 260 |
_aMadrid : _b[Administración Lírico-Dramática], _c1898 ( _fR. Velasco) |
||
| 300 |
_a47 p. ; _c19 cm. |
||
| 500 | _aRepresentada en el Teatro de la Zarzuela de Madrid la noche del 18 de febrero de 1898. | ||
| 500 | _aSolo la letra. | ||
| 598 | _aDato de serie consta en la cub. | ||
| 700 | 1 |
_aFernández Caballero, Manuel. _949531 |
|
| 852 |
_aES-MaACL _jD-2525(10) _z-- Enc. hol., conservando la cub. original _z-- Legado de Modesto de La Fuente |
||
| 999 |
_c163921 _d163921 |
||